Normal view
MARC view
Entry Personal Name
001 - CONTROL NUMBER
- control field: 164614
003 - CONTROL NUMBER IDENTIFIER
- control field: OSt
005 - DATE AND TIME OF LATEST TRANSACTION
- control field: 20220923220803.0
008 - FIXED-LENGTH DATA ELEMENTS
- fixed length control field: 220923|| aca||aabn | a|a d
040 ## - CATALOGING SOURCE
- Original cataloging agency: OSt
- Transcribing agency: OSt
100 ## - HEADING--PERSONAL NAME
- Personal name: नरेन्द्रदेव सिंह; शास्त्री, हरिदत्त
670 ## - SOURCE DATA FOUND
- Source citation: Work cat.: (OSt)343210: नरेन्द्रदेव सिंह; शास्त्री, हरिदत्त, भारतीय दर्शन शास्त्र का इतिहास, 1973
